00881nam a2200205 i 450000100060000000300090000600500170001500700030003200800410003504000280007610000350010424502030013926000680034230000200041050000830043050500580051365000590057170000190063085200260064954931ES-MaACL20230906163042.0t|960806s1887 sp ||||1| spa d aCARM bspa cCCPB | SIC1 aGarcía Hernández, Ramón.10aProyecto de obras de defensa contra las inundaciones en el Valle del Segura b] : Tomo I[II y III] : Memoria / [por los] Ingenieros: Don Ramón Garcia [y Hernandez] y Don Luis Gaztelu [Maritorena]. aMurcia : b[s.n.], c1887 (ftip. de las provincias de Levante) a3 v. ; c21 cm. aLos segundos apellidos de los autores constan en la segunda hoja del tomo 1º.8 aContiene: t. I-III. [Texto] (LXX, 124 ; 134 ; 115 p.) 4aInundaciones-xPrevención-zSegura (España, Valle)1 aGaztelu, Luis. aES-MaACLjT-739-F-1-3